000 00788nam a22002055i 4500
001 170327
003 ES-MaACL
005 20230906214345.0
008 090224q1885 sp |||| | spa d
080 _a821.134.2-23"18"
100 1 _aEchegaray, José,
_d1832-1916
_946526
245 1 3 _aEl gran galeoto :
_bdrama en tres actos y en verso precedido de un diálogo en prosa /
_cpor José Echegaray.
250 _a15ª ed.
260 _aMadrid :
_bSociedad de Autores Españoles,
_c[ca. 1885] (
_fTip. Yagües)
300 _a124 p. ;
_c20 cm.
490 1 _aColección de obras líricas dramáticas y líricas
830 1 _aColección de obras líricas dramáticas y líricas
_9188928
852 4 _aES-MaACL
_j2249-F-19
_z- Biblioteca Jacinto Martínez Lacalle
999 _c170327
_d170327